<?xml version="1.0" encoding="UTF-8"?>
<record
    xmlns:xsi="http://www.w3.org/2001/XMLSchema-instance"
    xsi:schemaLocation="http://www.loc.gov/MARC21/slim http://www.loc.gov/standards/marcxml/schema/MARC21slim.xsd"
    xmlns="http://www.loc.gov/MARC21/slim">

  <leader>01925nam a22003017a 4500</leader>
  <controlfield tag="001">8879</controlfield>
  <controlfield tag="003">FISKH</controlfield>
  <controlfield tag="005">20251028142515.0</controlfield>
  <controlfield tag="008">251028b        cb ||||| |||| 00| 0 eng d</controlfield>
  <datafield tag="020" ind1=" " ind2=" ">
    <subfield code="a">9789996301971</subfield>
  </datafield>
  <datafield tag="040" ind1=" " ind2=" ">
    <subfield code="a">FISKH</subfield>
    <subfield code="b">khr</subfield>
    <subfield code="c">FISKH</subfield>
    <subfield code="d">FISKH</subfield>
  </datafield>
  <datafield tag="050" ind1=" " ind2=" ">
    <subfield code="a">PZ7</subfield>
  </datafield>
  <datafield tag="082" ind1=" " ind2=" ">
    <subfield code="a">895</subfield>
  </datafield>
  <datafield tag="100" ind1=" " ind2=" ">
    <subfield code="a">Saren, Koam</subfield>
  </datafield>
  <datafield tag="245" ind1=" " ind2=" ">
    <subfield code="a">&#x1780;&#x17BB;&#x1798;&#x17B6;&#x179A;&#x17A2;&#x17C6;&#x178E;&#x178F;&#x17CB; :</subfield>
    <subfield code="b">Amnattt boy / </subfield>
    <subfield code="c">&#x1793;&#x17B7;&#x1796;&#x1793;&#x17D2;&#x1792;&#x178A;&#x17C4;&#x1799; &#x179B;&#x17C4;&#x1780; &#x1782;&#x17B6;&#x17C6; &#x179F;&#x17B6;&#x179A;&#x17C9;&#x17C2;&#x1793; , &#x1780;&#x17C2;&#x179F;&#x1798;&#x17D2;&#x179A;&#x17BD;&#x179B;&#x178A;&#x17C4;&#x1799; &#x17A2;&#x17D2;&#x1793;&#x1780;&#x179F;&#x17D2;&#x179A;&#x17B8; &#x1782;&#x17B9;&#x1798;&#x179F;&#x17CA;&#x17BB;&#x1793; &#x179F;&#x17BB;&#x1792;&#x17B6;&#x179A;&#x17B8; , &#x179B;&#x17C4;&#x1780; &#x1792;&#x17B8; &#x1785;&#x17B6;&#x1793;&#x17CB;&#x1790;&#x1793; &#x1793;&#x17B7;&#x1784;&#x200B; &#x17A2;&#x17D2;&#x1793;&#x1780;&#x1793;&#x17B6;&#x1784; &#x179C;&#x17C9;&#x17B6;&#x178F; &#x1785;&#x179A;&#x17B7;&#x1799;&#x17B6;&#x200B; </subfield>
  </datafield>
  <datafield tag="260" ind1=" " ind2=" ">
    <subfield code="a">&#x1797;&#x17D2;&#x1793;&#x17C6;&#x1796;&#x17C1;&#x1789; :</subfield>
    <subfield code="b">Reading Books , </subfield>
    <subfield code="c">2013.</subfield>
  </datafield>
  <datafield tag="300" ind1=" " ind2=" ">
    <subfield code="a">24 pages : </subfield>
    <subfield code="b">color illustrations ; </subfield>
    <subfield code="c">25 cm .</subfield>
  </datafield>
  <datafield tag="505" ind1=" " ind2=" ">
    <subfield code="a">R 
</subfield>
  </datafield>
  <datafield tag="520" ind1=" " ind2=" ">
    <subfield code="a">&#x1780;&#x17BB;&#x1798;&#x17B6;&#x179A;&#x178F;&#x17D2;&#x179A;&#x17BC;&#x179C;&#x1791;&#x1791;&#x17BD;&#x179B;&#x1794;&#x17B6;&#x1793;&#x1793;&#x17BC;&#x179C;&#x179F;&#x17B7;&#x1791;&#x17D2;&#x1792;&#x17B7;&#x179A;&#x179F;&#x17CB;&#x179A;&#x17B6;&#x1793; &#x179F;&#x17B7;&#x1791;&#x17D2;&#x1792;&#x1791;&#x1791;&#x17BD;&#x179B;&#x1780;&#x17B6;&#x179A;&#x1780;&#x17B6;&#x179A;&#x1796;&#x17B6;&#x179A; &#x179F;&#x17B7;&#x1791;&#x17D2;&#x1792;&#x17B7;&#x1780;&#x17D2;&#x1793;&#x17BB;&#x1784;&#x1780;&#x17B6;&#x179A;&#x17A2;&#x1797;&#x17B7;&#x179C;&#x178C;&#x17D2;&#x178D; &#x1793;&#x17B7;&#x1784;&#x179F;&#x17B7;&#x1791;&#x17D2;&#x1792;&#x17B7;&#x1780;&#x17D2;&#x1793;&#x17BB;&#x1784;&#x1780;&#x17B6;&#x179A;&#x1785;&#x17BC;&#x179B;&#x179A;&#x17BD;&#x1798; &#x17D4; &#x1794;&#x17C9;&#x17BB;&#x1793;&#x17D2;&#x178F;&#x17C2;&#x1798;&#x17B6;&#x1793;&#x1780;&#x17BB;&#x1798;&#x17B6;&#x179A;&#x1798;&#x17BD;&#x1799;&#x1785;&#x17C6;&#x1793;&#x17BD;&#x1793;&#x1793;&#x17C5;&#x1798;&#x17B7;&#x1793;&#x1791;&#x17B6;&#x1793;&#x17CB;&#x1791;&#x1791;&#x17BD;&#x179B;&#x1794;&#x17B6;&#x1793;&#x1793;&#x17BC;&#x179C;&#x179F;&#x17B7;&#x1791;&#x17D2;&#x1792;&#x17B7;&#x1791;&#x17B6;&#x17C6;&#x1784;&#x17A2;&#x179F;&#x17CB;&#x1793;&#x17C4;&#x17C7;&#x1791;&#x17C1; &#x1790;&#x17C2;&#x1798;&#x1791;&#x17B6;&#x17C6;&#x1784;&#x1780;&#x17C6;&#x1796;&#x17BB;&#x1784;&#x178F;&#x17C2;&#x179A;&#x179F;&#x17CB;&#x1793;&#x17C5;&#x1799;&#x17C9;&#x17B6;&#x1784;&#x179B;&#x17C6;&#x1794;&#x17B6;&#x1780;&#x179C;&#x17C1;&#x1791;&#x1793;&#x17B6;&#x1791;&#x17C0;&#x178F;&#x1795;&#x1784; &#x17D4;&#x200B; </subfield>
  </datafield>
  <datafield tag="520" ind1=" " ind2=" ">
    <subfield code="a">Children are entiled to rights to survival, protection, development and participation. However , some of them not only have access to these rights, but also are leading a suffering life . </subfield>
  </datafield>
  <datafield tag="521" ind1="8" ind2=" ">
    <subfield code="a">660 
</subfield>
    <subfield code="b">Lexile estimate 
</subfield>
  </datafield>
  <datafield tag="521" ind1="8" ind2=" ">
    <subfield code="a">R 
</subfield>
    <subfield code="b">Raz-Plus 
</subfield>
  </datafield>
  <datafield tag="650" ind1=" " ind2=" ">
    <subfield code="a">&#x1780;&#x17BB;&#x1798;&#x17B6;&#x179A;&#x17A2;&#x17C6;&#x178E;&#x178F;&#x17CB;</subfield>
    <subfield code="v">&#x179A;&#x17BF;&#x1784;&#x1793;&#x17B7;&#x1791;&#x17B6;&#x1793;&#x1780;&#x17BB;&#x1798;&#x17B6;&#x179A;&#x200B;</subfield>
  </datafield>
  <datafield tag="650" ind1=" " ind2=" ">
    <subfield code="a">Amnatt boy</subfield>
    <subfield code="v">Children's Stories </subfield>
  </datafield>
  <datafield tag="700" ind1=" " ind2=" ">
    <subfield code="a">Sotheary, Kimsun</subfield>
    <subfield code="e">Illustrator</subfield>
  </datafield>
  <datafield tag="942" ind1=" " ind2=" ">
    <subfield code="2">ddc</subfield>
    <subfield code="c">KHB</subfield>
    <subfield code="n">0</subfield>
  </datafield>
  <datafield tag="999" ind1=" " ind2=" ">
    <subfield code="c">8879</subfield>
    <subfield code="d">8879</subfield>
  </datafield>
  <datafield tag="952" ind1=" " ind2=" ">
    <subfield code="0">0</subfield>
    <subfield code="1">0</subfield>
    <subfield code="2">ddc</subfield>
    <subfield code="4">0</subfield>
    <subfield code="7">0</subfield>
    <subfield code="8">Khmer-English Bilingual </subfield>
    <subfield code="a">002</subfield>
    <subfield code="b">002</subfield>
    <subfield code="c">TTP Khmer</subfield>
    <subfield code="d">2025-10-28</subfield>
    <subfield code="l">0</subfield>
    <subfield code="o">SAR PZ7 895</subfield>
    <subfield code="p">FIS04373</subfield>
    <subfield code="r">2025-10-28 14:25:12</subfield>
    <subfield code="t">1</subfield>
    <subfield code="w">2025-10-28</subfield>
    <subfield code="y">KHB</subfield>
  </datafield>
  <datafield tag="952" ind1=" " ind2=" ">
    <subfield code="0">0</subfield>
    <subfield code="1">0</subfield>
    <subfield code="2">ddc</subfield>
    <subfield code="4">0</subfield>
    <subfield code="7">0</subfield>
    <subfield code="8">Khmer-English Bilingual </subfield>
    <subfield code="a">002</subfield>
    <subfield code="b">002</subfield>
    <subfield code="c">TTP Khmer</subfield>
    <subfield code="d">2025-10-28</subfield>
    <subfield code="l">0</subfield>
    <subfield code="o">SAR PZ7 895</subfield>
    <subfield code="p">FISBK03682</subfield>
    <subfield code="r">2025-10-28 14:25:59</subfield>
    <subfield code="t">2</subfield>
    <subfield code="w">2025-10-28</subfield>
    <subfield code="y">KHB</subfield>
  </datafield>
  <datafield tag="952" ind1=" " ind2=" ">
    <subfield code="0">0</subfield>
    <subfield code="1">0</subfield>
    <subfield code="2">ddc</subfield>
    <subfield code="4">0</subfield>
    <subfield code="7">0</subfield>
    <subfield code="8">Khmer-English Bilingual </subfield>
    <subfield code="a">002</subfield>
    <subfield code="b">002</subfield>
    <subfield code="c">TTP Khmer</subfield>
    <subfield code="d">2025-10-28</subfield>
    <subfield code="l">0</subfield>
    <subfield code="o">SAR PZ7 895</subfield>
    <subfield code="p">FIS05024</subfield>
    <subfield code="r">2025-10-28 14:26:09</subfield>
    <subfield code="t">3</subfield>
    <subfield code="w">2025-10-28</subfield>
    <subfield code="y">KHB</subfield>
  </datafield>
</record>
